Ksztaltowanie sie ustroju III Rzeczypospolitej

Salvato in:
Dettagli Bibliografici
Autore principale: Stelmachowski, Andrzej
Natura: Libro
Lingua:polacco
Pubblicazione: Jaktorów Wydawnictwo Osrodek Doradztwa i Szkolenia 1998
Soggetti:
Tags: Aggiungi Tag
Nessun Tag, puoi essere il primo ad aggiungerne!!

MARC

LEADER 00000nam a2200000 4500
001 c123557
005 20221221084434.5
020 |a 83-86212-46-2 
041 0 |a pol 
044 |a PL 
245 1 0 |a Ksztaltowanie sie ustroju III Rzeczypospolitej  |c Andrzej Stelmachowski 
264 1 |a Jaktorów  |b Wydawnictwo Osrodek Doradztwa i Szkolenia  |c 1998 
300 |a 132 s. 
610 2 0 |a história 
610 2 0 |a vývoj spoločenský 
610 2 0 |a štát 
610 2 0 |a socializmus 
610 2 0 |a komunizmus 
610 2 0 |a strany politické 
610 2 0 |a revolúcia 
610 2 0 |a vývoj systémov 
610 2 0 |a politika 
610 2 0 |a politika hospodárska 
610 2 0 |a politika medzinárodná 
610 2 0 |a politika sociálna 
610 2 0 |a Poľsko 
100 1 |a Stelmachowski, Andrzej